Word Ladder: Grand Withdrawal? Quiz Stats

 Plays Quiz Updated Oct 20, 2017

Score 0/16 Timer 02:00
2 Plays Today
Clue 4-Letter Word % Correct
Proof of cryingTEAR
97.8%
Avenger with a hammerTHOR
96.9%
'____ she blows!' said the whalerTHAR
94.8%
Musical rhythmBEAT
91.8%
Scorch or burn the surface ofSEAR
89.2%
• Ten Commandments pronoun •• THOU •
88%
Usher's destinationSEAT
86.8%
Force into an angleBEND
85.9%
Clue 4-Letter Word % Correct
Drop of moistureBEAD
85.5%
Texter's buttonSEND
84.5%
• Material for some castles •• SAND •
83.9%
Shakespeare's nickname, with 'the'BARD
82.2%
Communicate like a drill sergeantBARK
77.3%
• Riverside slope •• BANK •
76.3%
• Thick stiff paper •• CARD •
73.8%
Descended to a lower placeSANK
72.9%

Today's Daily Dose

Missing Word
Wicked Songs

Word Ladder
Blue Ivies

Get the Picture
Green on the Flag?

You're not logged in!

Compare scores with friends on all Sporcle quizzes.
OR
Log In

You Might Also Like...

Show Comments

Extras

Top Quizzes Today


Score Distribution

Your Account Isn't Verified!

In order to create a playlist on Sporcle, you need to verify the email address you used during registration. Go to your Sporcle Settings to finish the process.

Report this User

Report this user for behavior that violates our Community Guidelines.

Details: